[Event "DEM U10w 2024"]
[Site "Willingen GER"]
[Date "2024.05.24"]
[Round "9"]
[White "Hleizer, Ahata"]
[Black "Tu, Tiffany"]
[Result "1-0"]
[Termination "normal"]
[Board "2"]
[WhiteElo "1610"]
[BlackElo "1618"]
[WhiteClock "01:04:05"]
[BlackClock "00:47:22"]
[PlyCount "103"]
[WhiteFideId "34643370"]
[BlackFideId "34628576"]
[EventCountry "GER"]
[EventRounds "11"]
[EventType "swiss"]
[EventDate "2024.05.18"]

1. e4 {[%clk 01:15:56]} {[%emt 00:00:02]} e5 {[%clk 01:15:59]} {[%emt
00:00:03]} 2. Nf3 {[%clk 01:16:14]} {[%emt 00:00:12]} Nc6 {[%clk 01:16:27]}
{[%emt 00:00:02]} 3. Nc3 {[%clk 01:16:24]} {[%emt 00:00:20]} Nf6 {[%clk
01:16:51]} {[%emt 00:00:07]} 4. d4 {[%clk 01:16:38]} {[%emt 00:00:16]} exd4
{[%clk 01:17:14]} {[%emt 00:00:07]} 5. Nxd4 {[%clk 01:16:49]} {[%emt 00:00:18]}
Bb4 {[%clk 01:17:34]} {[%emt 00:00:10]} 6. Nxc6 {[%clk 01:16:58]} {[%emt
00:00:22]} bxc6 {[%clk 01:17:55]} {[%emt 00:00:09]} 7. Bd3 {[%clk 01:17:09]}
{[%emt 00:00:18]} d5 {[%clk 01:18:22]} {[%emt 00:00:04]} 8. exd5 {[%clk
01:17:23]} {[%emt 00:00:16]} cxd5 {[%clk 01:18:47]} {[%emt 00:00:07]} 9. O-O
{[%clk 01:17:31]} {[%emt 00:00:20]} O-O {[%clk 01:19:14]} {[%emt 00:00:04]} 10.
h3 {[%clk 01:17:36]} {[%emt 00:00:24]} c6 {[%clk 01:19:10]} {[%emt 00:00:34]}
11. Qf3 {[%clk 01:17:27]} {[%emt 00:00:35]} Qd6 {[%clk 01:18:29]} {[%emt
00:01:15]} 12. Bf4 {[%clk 01:16:52]} {[%emt 00:01:05]} Qc5 {[%clk 01:15:25]}
{[%emt 00:03:31]} 13. a3 {[%clk 01:15:01]} {[%emt 00:02:24]} Bxc3 {[%clk
01:15:23]} {[%emt 00:00:31]} 14. bxc3 {[%clk 01:15:13]} {[%emt 00:00:19]} Qxc3
{[%clk 01:15:26]} {[%emt 00:00:27]} 15. Bxh7+ {[%clk 01:15:31]} {[%emt
00:00:11]} Kxh7 {[%clk 01:14:21]} {[%emt 00:01:36]} 16. Qxc3 {[%clk 01:15:45]}
{[%emt 00:00:17]} Bd7 {[%clk 01:14:14]} {[%emt 00:00:32]} 17. Be5 {[%clk
01:15:17]} {[%emt 00:01:01]} Ne4 {[%clk 01:13:45]} {[%emt 00:00:58]} 18. Qe3
{[%clk 01:13:20]} {[%emt 00:02:24]} Rfe8 {[%clk 01:11:34]} {[%emt 00:02:47]}
19. f3 {[%clk 01:12:43]} {[%emt 00:01:06]} Ng3 {[%clk 01:09:26]} {[%emt
00:02:30]} 20. Qg5 {[%clk 01:12:34]} {[%emt 00:00:46]} Nf5 {[%clk 01:07:19]}
{[%emt 00:02:34]} 21. Qh5+ {[%clk 01:11:07]} {[%emt 00:02:00]} Kg8 {[%clk
01:06:38]} {[%emt 00:01:12]} 22. Bh2 {[%clk 01:09:55]} {[%emt 00:01:42]} Ne3
{[%clk 01:01:42]} {[%emt 00:05:28]} 23. Rfe1 {[%clk 01:08:18]} {[%emt
00:02:01]} Nxc2 {[%clk 01:00:29]} {[%emt 00:01:47]} 24. Rxe8+ {[%clk 01:08:27]}
{[%emt 00:00:21]} Rxe8 {[%clk 01:00:53]} {[%emt 00:00:07]} 25. Rc1 {[%clk
01:08:07]} {[%emt 00:00:49]} Nxa3 {[%clk 00:59:18]} {[%emt 00:02:05]} 26. Be5
{[%clk 01:07:44]} {[%emt 00:00:49]} Nc4 {[%clk 00:57:09]} {[%emt 00:02:45]} 27.
Rxc4 {[%clk 01:07:18]} {[%emt 00:00:56]} dxc4 {[%clk 00:57:27]} {[%emt
00:00:12]} 28. Qg5 {[%clk 01:07:33]} {[%emt 00:00:12]} Rxe5 {[%clk 00:50:07]}
{[%emt 00:07:50]} 29. Qxe5 {[%clk 01:04:31]} {[%emt 00:03:33]} Be6 {[%clk
00:47:48]} {[%emt 00:02:50]} 30. Qb8+ {[%clk 01:03:44]} {[%emt 00:01:17]} Kh7
{[%clk 00:48:10]} {[%emt 00:00:07]} 31. Qxa7 {[%clk 01:03:34]} {[%emt
00:00:42]} Bd5 {[%clk 00:47:59]} {[%emt 00:00:41]} 32. Qd7 {[%clk 01:02:37]}
{[%emt 00:01:23]} g6 {[%clk 00:48:13]} {[%emt 00:00:16]} 33. Kf2 {[%clk
01:02:12]} {[%emt 00:00:58]} c3 {[%clk 00:47:27]} {[%emt 00:01:17]} 34. Ke3
{[%clk 01:02:01]} {[%emt 00:00:38]} c2 {[%clk 00:46:50]} {[%emt 00:01:10]} 35.
Kd2 {[%clk 01:02:14]} {[%emt 00:00:15]} Kg7 {[%clk 00:45:16]} {[%emt 00:02:05]}
36. Kxc2 {[%clk 01:02:02]} {[%emt 00:00:41]} Kh6 {[%clk 00:45:24]} {[%emt
00:00:23]} 37. Qd6 {[%clk 01:01:59]} {[%emt 00:00:33]} Kg7 {[%clk 00:45:31]}
{[%emt 00:00:24]} 38. Qe5+ {[%clk 01:01:51]} {[%emt 00:00:36]} Kh7 {[%clk
00:45:28]} {[%emt 00:00:33]} 39. h4 {[%clk 01:01:38]} {[%emt 00:00:43]} Kg8
{[%clk 00:45:34]} {[%emt 00:00:24]} 40. Qg5 {[%clk 01:01:40]} {[%emt 00:00:27]}
Kg7 {[%clk 00:45:45]} {[%emt 00:00:20]} 41. h5 {[%clk 01:01:53]} {[%emt
00:00:17]} Kh7 {[%clk 00:46:02]} {[%emt 00:00:12]} 42. hxg6+ {[%clk 01:01:58]}
{[%emt 00:00:26]} fxg6 {[%clk 00:46:25]} {[%emt 00:00:08]} 43. f4 {[%clk
01:02:19]} {[%emt 00:00:07]} Be4+ {[%clk 00:46:23]} {[%emt 00:00:33]} 44. Kc3
{[%clk 01:02:30]} {[%emt 00:00:19]} Kg7 {[%clk 00:46:37]} {[%emt 00:00:15]} 45.
Qe7+ {[%clk 01:02:52]} {[%emt 00:00:09]} Kh6 {[%clk 00:46:53]} {[%emt
00:00:15]} 46. Qxe4 {[%clk 01:03:11]} {[%emt 00:00:11]} c5 {[%clk 00:46:43]}
{[%emt 00:00:41]} 47. Qe7 {[%clk 01:03:01]} {[%emt 00:00:39]} c4 {[%clk
00:46:09]} {[%emt 00:01:04]} 48. g4 {[%clk 01:03:14]} {[%emt 00:00:14]} g5
{[%clk 00:46:20]} {[%emt 00:00:21]} 49. Qxg5+ {[%clk 01:03:34]} {[%emt
00:00:10]} Kh7 {[%clk 00:46:43]} {[%emt 00:00:08]} 50. f5 {[%clk 01:03:42]}
{[%emt 00:00:21]} Kh8 {[%clk 00:47:01]} {[%emt 00:00:11]} 51. f6 {[%clk
01:04:05]} {[%emt 00:00:08]} Kh7 {[%clk 00:47:22]} {[%emt 00:00:09]} 52. Qg7#
{[%emt 00:00:08]} 1-0

[Event "DEM U10w 2024"]
[Site "Willingen GER"]
[Date "2024.05.24"]
[Round "9"]
[White "Lukas, Olivia"]
[Black "Chen, Yuefan"]
[Result "0-1"]
[Termination "normal"]
[Board "3"]
[WhiteElo "1569"]
[BlackElo "1682"]
[WhiteClock "00:44:51"]
[BlackClock "00:28:58"]
[PlyCount "74"]
[WhiteFideId "34632239"]
[BlackFideId "34653910"]
[EventCountry "GER"]
[EventRounds "11"]
[EventType "swiss"]
[EventDate "2024.05.18"]

1. e4 {[%clk 01:15:47]} {[%emt 00:00:11]} c5 {[%clk 01:15:56]} {[%emt
00:00:06]} 2. c3 {[%clk 01:16:06]} {[%emt 00:00:11]} Nf6 {[%clk 01:16:19]}
{[%emt 00:00:07]} 3. e5 {[%clk 01:16:24]} {[%emt 00:00:11]} Nd5 {[%clk
01:16:39]} {[%emt 00:00:11]} 4. d4 {[%clk 01:16:44]} {[%emt 00:00:10]} cxd4
{[%clk 01:16:49]} {[%emt 00:00:20]} 5. cxd4 {[%clk 01:16:59]} {[%emt 00:00:15]}
d6 {[%clk 01:16:46]} {[%emt 00:00:33]} 6. Nf3 {[%clk 01:17:02]} {[%emt
00:00:25]} Nc6 {[%clk 01:16:21]} {[%emt 00:00:57]} 7. Bc4 {[%clk 01:16:05]}
{[%emt 00:01:27]} Nb6 {[%clk 01:14:43]} {[%emt 00:02:09]} 8. Bb3 {[%clk
01:15:50]} {[%emt 00:00:43]} dxe5 {[%clk 01:13:20]} {[%emt 00:01:55]} 9. Nxe5
{[%clk 01:15:06]} {[%emt 00:01:14]} Nxe5 {[%clk 01:12:55]} {[%emt 00:00:55]}
10. dxe5 {[%clk 01:15:16]} {[%emt 00:00:19]} Qxd1+ {[%clk 01:13:05]} {[%emt
00:00:20]} 11. Kxd1 {[%clk 01:14:32]} {[%emt 00:01:13]} Bf5 {[%clk 01:12:43]}
{[%emt 00:00:52]} 12. Nc3 {[%clk 01:14:28]} {[%emt 00:00:33]} e6 {[%clk
01:10:28]} {[%emt 00:02:46]} 13. Be3 {[%clk 01:13:46]} {[%emt 00:01:12]} Rd8+
{[%clk 01:05:16]} {[%emt 00:05:42]} 14. Ke1 {[%clk 01:12:09]} {[%emt 00:02:07]}
Nd7 {[%clk 01:00:21]} {[%emt 00:05:26]} 15. f4 {[%clk 01:09:01]} {[%emt
00:03:38]} Bc5 {[%clk 00:58:45]} {[%emt 00:02:06]} 16. Bd2 {[%clk 01:07:41]}
{[%emt 00:01:49]} O-O {[%clk 00:57:35]} {[%emt 00:01:40]} 17. Rf1 {[%clk
01:06:41]} {[%emt 00:01:29]} a6 {[%clk 00:56:06]} {[%emt 00:02:01]} 18. h3
{[%clk 01:05:50]} {[%emt 00:01:20]} h5 {[%clk 00:55:23]} {[%emt 00:01:12]} 19.
Bd1 {[%clk 01:05:15]} {[%emt 00:01:05]} Be7 {[%clk 00:50:22]} {[%emt 00:05:32]}
20. Bxh5 {[%clk 01:03:01]} {[%emt 00:02:43]} Nc5 {[%clk 00:46:13]} {[%emt
00:04:39]} 21. Be2 {[%clk 01:01:44]} {[%emt 00:01:46]} Bh4+ {[%clk 00:43:20]}
{[%emt 00:03:23]} 22. Kd1 {[%clk 01:01:01]} {[%emt 00:01:12]} b5 {[%clk
00:40:25]} {[%emt 00:03:26]} 23. b4 {[%clk 00:58:44]} {[%emt 00:02:46]} Nd3
{[%clk 00:38:40]} {[%emt 00:02:16]} 24. Bxd3 {[%clk 00:57:56]} {[%emt
00:01:19]} Rxd3 {[%clk 00:37:02]} {[%emt 00:02:07]} 25. Ke2 {[%clk 00:53:54]}
{[%emt 00:04:31]} Rfd8 {[%clk 00:36:01]} {[%emt 00:01:33]} 26. Rad1 {[%clk
00:51:33]} {[%emt 00:02:51]} R3d7 {[%clk 00:35:37]} {[%emt 00:00:55]} 27. Rg1
{[%clk 00:44:02]} {[%emt 00:08:00]} Bc2 {[%clk 00:35:11]} {[%emt 00:00:55]} 28.
Be3 {[%clk 00:43:17]} {[%emt 00:01:15]} Bxd1+ {[%clk 00:34:37]} {[%emt
00:01:04]} 29. Rxd1 {[%clk 00:43:31]} {[%emt 00:00:16]} Rxd1 {[%clk 00:34:49]}
{[%emt 00:00:18]} 30. Nxd1 {[%clk 00:43:52]} {[%emt 00:00:09]} Be7 {[%clk
00:34:59]} {[%emt 00:00:19]} 31. a3 {[%clk 00:43:49]} {[%emt 00:00:34]} Ra8
{[%clk 00:33:58]} {[%emt 00:01:31]} 32. Bb6 {[%clk 00:44:03]} {[%emt 00:00:16]}
Rb8 {[%clk 00:33:05]} {[%emt 00:01:23]} 33. Ba5 {[%clk 00:44:00]} {[%emt
00:00:33]} Rc8 {[%clk 00:31:58]} {[%emt 00:01:37]} 34. Kd2 {[%clk 00:44:15]}
{[%emt 00:00:14]} f6 {[%clk 00:32:15]} {[%emt 00:00:13]} 35. exf6 {[%clk
00:44:31]} {[%emt 00:00:14]} Bxf6 {[%clk 00:32:26]} {[%emt 00:00:19]} 36. g4
{[%clk 00:44:44]} {[%emt 00:00:17]} Kf7 {[%clk 00:30:40]} {[%emt 00:02:17]} 37.
Kd3 {[%clk 00:44:51]} {[%emt 00:00:23]} Bd8 {[%clk 00:28:58]} {[%emt 00:02:12]}
0-1

[Event "DEM U10w 2024"]
[Site "Willingen GER"]
[Date "2024.05.24"]
[Round "9"]
[White "Goyush, Shams"]
[Black "Elsayed Esam, Sally"]
[Result "1/2-1/2"]
[Termination "normal"]
[Board "4"]
[WhiteElo "996"]
[BlackElo "1584"]
[WhiteClock "00:38:03"]
[BlackClock "00:14:16"]
[PlyCount "112"]
[BlackFideId "34662170"]
[EventCountry "GER"]
[EventRounds "11"]
[EventType "swiss"]
[EventDate "2024.05.18"]

1. e4 {[%clk 01:15:58]} c6 {[%clk 01:15:56]} {[%emt 00:00:06]} 2. c4 {[%clk
01:16:24]} {[%emt 00:00:04]} d5 {[%clk 01:16:20]} {[%emt 00:00:06]} 3. exd5
{[%clk 01:16:45]} {[%emt 00:00:08]} cxd5 {[%emt 00:00:16]} 4. cxd5 {[%clk
01:17:08]} {[%emt 00:00:04]} Qxd5 {[%clk 01:16:58]} {[%emt 00:00:08]} 5. Nc3
{[%clk 01:17:31]} {[%emt 00:00:08]} Qd6 {[%clk 01:17:21]} {[%emt 00:00:07]} 6.
d4 {[%clk 01:17:45]} {[%emt 00:00:16]} Nf6 {[%clk 01:17:42]} {[%emt 00:00:09]}
7. Nf3 {[%clk 01:17:58]} {[%emt 00:00:16]} e6 {[%clk 01:17:46]} {[%emt
00:00:26]} 8. Bd3 {[%clk 01:17:54]} {[%emt 00:00:33]} Nc6 {[%clk 01:17:51]}
{[%emt 00:00:26]} 9. Bb1 {[%clk 01:18:02]} {[%emt 00:00:23]} Be7 {[%clk
01:18:09]} {[%emt 00:00:11]} 10. a3 {[%clk 01:17:31]} {[%emt 00:01:01]} O-O
{[%clk 01:18:23]} {[%emt 00:00:16]} 11. Qd3 {[%clk 01:17:42]} {[%emt 00:00:18]}
h6 {[%clk 01:14:55]} {[%emt 00:03:59]} 12. Nd2 {[%clk 01:13:06]} {[%emt
00:05:05]} b6 {[%clk 01:14:14]} {[%emt 00:01:11]} 13. Nde4 {[%clk 01:12:53]}
{[%emt 00:00:42]} Nxe4 {[%clk 01:10:53]} {[%emt 00:03:53]} 14. Nxe4 {[%clk
01:13:08]} {[%emt 00:00:14]} f5 {[%clk 00:35:05]} {[%emt 00:36:19]} 15. Nxd6
{[%clk 01:13:24]} {[%emt 00:00:14]} Bxd6 {[%clk 00:35:30]} {[%emt 00:00:05]}
16. Qc4 {[%clk 01:13:35]} {[%emt 00:00:18]} Na5 {[%clk 00:35:10]} {[%emt
00:00:51]} 17. Qd3 {[%clk 01:12:33]} {[%emt 00:01:30]} Bb7 {[%clk 00:35:11]}
{[%emt 00:00:31]} 18. O-O {[%clk 01:11:23]} {[%emt 00:01:38]} Rf6 {[%clk
00:33:06]} {[%emt 00:02:36]} 19. Ba2 {[%clk 01:09:53]} {[%emt 00:02:00]} Rd8
{[%clk 00:31:00]} {[%emt 00:02:35]} 20. b4 {[%clk 01:08:51]} {[%emt 00:01:32]}
Nc6 {[%clk 00:26:53]} {[%emt 00:04:39]} 21. Bb2 {[%clk 01:07:46]} {[%emt
00:01:33]} Rg6 {[%clk 00:22:02]} {[%emt 00:05:23]} 22. f3 {[%clk 01:06:52]}
{[%emt 00:01:24]} Be5 {[%clk 00:21:45]} {[%emt 00:00:47]} 23. Qd2 {[%clk
01:04:17]} {[%emt 00:03:02]} Bxd4+ {[%clk 00:21:31]} {[%emt 00:00:46]} 24. Bxd4
{[%clk 01:04:20]} {[%emt 00:00:26]} Nxd4 {[%clk 00:21:40]} {[%emt 00:00:22]}
25. Qb2 {[%clk 01:02:52]} {[%emt 00:01:57]} Nxf3+ {[%clk 00:21:12]} {[%emt
00:00:59]} 26. Kh1 {[%clk 00:48:52]} {[%emt 00:14:30]} Rd2 {[%clk 00:20:12]}
{[%emt 00:01:30]} 27. Qxd2 {[%clk 00:47:07]} {[%emt 00:02:13]} Nxd2 {[%clk
00:14:24]} {[%emt 00:06:19]} 28. Rf2 {[%clk 00:47:03]} {[%emt 00:00:31]} Ne4
{[%clk 00:14:37]} {[%emt 00:00:22]} 29. Rf4 {[%clk 00:46:25]} {[%emt 00:01:00]}
Nd6 {[%clk 00:13:56]} {[%emt 00:01:17]} 30. Rg1 {[%clk 00:46:11]} {[%emt
00:00:42]} Kh7 {[%clk 00:13:32]} {[%emt 00:00:56]} 31. Rd4 {[%clk 00:43:02]}
{[%emt 00:03:37]} Ne4 {[%clk 00:13:09]} {[%emt 00:00:55]} 32. h3 {[%clk
00:41:14]} {[%emt 00:02:16]} Rg5 {[%clk 00:09:01]} {[%emt 00:04:39]} 33. Bxe6
{[%clk 00:38:10]} {[%emt 00:03:34]} Rh5 {[%clk 00:07:51]} {[%emt 00:01:40]} 34.
Bd5 {[%clk 00:35:54]} {[%emt 00:02:45]} Ng3+ {[%clk 00:07:02]} {[%emt
00:01:20]} 35. Kh2 {[%clk 00:35:34]} {[%emt 00:00:50]} Ne2 {[%clk 00:07:17]}
{[%emt 00:00:16]} 36. Bxb7 {[%clk 00:35:16]} {[%emt 00:00:48]} Nxd4 {[%clk
00:07:22]} {[%emt 00:00:25]} 37. Rd1 {[%clk 00:34:13]} {[%emt 00:01:32]} Nc2
{[%clk 00:07:16]} {[%emt 00:00:37]} 38. Rd3 {[%clk 00:34:08]} {[%emt 00:00:34]}
Rh4 {[%clk 00:06:44]} {[%emt 00:01:01]} 39. g3 {[%clk 00:33:09]} {[%emt
00:01:30]} Rc4 {[%clk 00:06:45]} {[%emt 00:00:30]} 40. Bd5 {[%clk 00:31:57]}
{[%emt 00:01:42]} Rc7 {[%clk 00:06:32]} {[%emt 00:00:44]} 41. Kg1 {[%clk
00:29:54]} {[%emt 00:02:32]} g5 {[%clk 00:03:36]} {[%emt 00:03:28]} 42. Kf2
{[%clk 00:29:03]} {[%emt 00:01:19]} a5 {[%clk 00:02:06]} {[%emt 00:02:02]} 43.
bxa5 {[%clk 00:28:13]} {[%emt 00:01:19]} bxa5 {[%clk 00:02:17]} {[%emt
00:00:19]} 44. a4 {[%clk 00:27:22]} {[%emt 00:01:20]} Nb4 {[%clk 00:02:28]}
{[%emt 00:00:21]} 45. Rd1 {[%clk 00:26:53]} {[%emt 00:00:55]} Nxd5 {[%clk
00:02:48]} {[%emt 00:00:14]} 46. Rxd5 {[%clk 00:27:15]} {[%emt 00:00:08]} Rc2+
{[%clk 00:01:24]} {[%emt 00:01:54]} 47. Kf1 {[%clk 00:26:06]} {[%emt 00:01:36]}
f4 {[%clk 00:14:48]} {[%emt 00:02:08]} 48. gxf4 {[%clk 00:41:20]} {[%emt
00:00:15]} gxf4 {[%clk 00:15:02]} {[%emt 00:00:16]} 49. Rxa5 {[%clk 00:40:14]}
{[%emt 00:01:36]} Rh2 {[%clk 00:14:56]} {[%emt 00:00:36]} 50. Rf5 {[%clk
00:39:44]} {[%emt 00:00:57]} Rxh3 {[%clk 00:15:14]} {[%emt 00:00:15]} 51. Rxf4
{[%clk 00:39:01]} {[%emt 00:01:11]} Ra3 {[%clk 00:15:32]} {[%emt 00:00:13]} 52.
Ke2 {[%clk 00:39:05]} {[%emt 00:00:24]} Kg6 {[%clk 00:15:37]} {[%emt 00:00:28]}
53. Rb4 {[%clk 00:38:03]} {[%emt 00:01:31]} h5 {[%clk 00:15:18]} {[%emt
00:00:50]} 54. Kf2 {[%clk 00:38:19]} {[%emt 00:00:12]} Kg5 {[%clk 00:15:16]}
{[%emt 00:00:34]} 55. Kg2 {[%clk 00:38:20]} {[%emt 00:00:27]} h4 {[%clk
00:15:34]} {[%emt 00:00:13]} 56. Rb5+ {[%clk 00:38:03]} {[%emt 00:00:45]} Kf6
{[%clk 00:14:16]} {[%emt 00:01:50]} 1/2-1/2

[Event "DEM U10w 2024"]
[Site "Willingen GER"]
[Date "2024.05.24"]
[Round "9"]
[White "Xu, Dorothea Sicheng"]
[Black "Hendler, Felicitas"]
[Result "0-1"]
[Termination "normal"]
[Board "5"]
[WhiteElo "1255"]
[BlackElo "1645"]
[WhiteClock "00:01:54"]
[BlackClock "00:09:30"]
[PlyCount "110"]
[WhiteFideId "34667539"]
[BlackFideId "34616519"]
[EventCountry "GER"]
[EventRounds "11"]
[EventType "swiss"]
[EventDate "2024.05.18"]

1. e4 {[%clk 01:15:58]} {[%emt 00:00:01]} c5 {[%clk 01:15:43]} {[%emt
00:00:16]} 2. Nf3 {[%clk 01:16:22]} {[%emt 00:00:07]} d6 {[%clk 01:15:50]}
{[%emt 00:00:22]} 3. Bb5+ {[%clk 01:16:45]} {[%emt 00:00:07]} Bd7 {[%clk
01:15:35]} {[%emt 00:00:45]} 4. Bxd7+ {[%clk 01:17:04]} {[%emt 00:00:13]} Qxd7
{[%clk 01:15:52]} {[%emt 00:00:11]} 5. d4 {[%clk 01:17:15]} {[%emt 00:00:21]}
cxd4 {[%clk 01:13:43]} {[%emt 00:02:38]} 6. Nxd4 {[%clk 01:17:25]} {[%emt
00:00:21]} Nf6 {[%clk 01:10:39]} {[%emt 00:03:33]} 7. Nc3 {[%clk 01:17:47]}
{[%emt 00:00:09]} g6 {[%clk 01:08:03]} {[%emt 00:03:05]} 8. O-O {[%clk
01:17:00]} {[%emt 00:01:18]} Bg7 {[%clk 01:06:31]} {[%emt 00:02:01]} 9. Re1
{[%clk 01:12:27]} {[%emt 00:05:03]} O-O {[%clk 01:02:02]} {[%emt 00:04:59]} 10.
Be3 {[%clk 01:11:11]} {[%emt 00:01:46]} Ng4 {[%clk 00:56:11]} {[%emt 00:06:21]}
11. Bg5 {[%clk 00:57:55]} {[%emt 00:13:47]} Nc6 {[%clk 00:52:58]} {[%emt
00:03:43]} 12. Nxc6 {[%clk 00:56:19]} {[%emt 00:02:06]} bxc6 {[%clk 00:53:11]}
{[%emt 00:00:15]} 13. h3 {[%clk 00:54:39]} {[%emt 00:02:11]} Ne5 {[%clk
00:51:04]} {[%emt 00:02:37]} 14. Qe2 {[%clk 00:51:18]} {[%emt 00:03:51]} d5
{[%clk 00:42:32]} {[%emt 00:09:01]} 15. Rad1 {[%clk 00:43:08]} {[%emt
00:08:42]} Qb7 {[%clk 00:27:56]} {[%emt 00:15:05]} 16. b3 {[%clk 00:28:08]}
{[%emt 00:15:31]} e6 {[%clk 00:20:13]} {[%emt 00:08:12]} 17. Bf4 {[%clk
00:21:02]} {[%emt 00:07:37]} Nd7 {[%clk 00:15:18]} {[%emt 00:05:24]} 18. Qd3
{[%clk 00:14:55]} {[%emt 00:06:36]} Nc5 {[%clk 00:13:58]} {[%emt 00:01:51]} 19.
Qd2 {[%clk 00:12:59]} {[%emt 00:02:23]} Qb4 {[%clk 00:12:46]} {[%emt 00:01:45]}
20. Nb1 {[%clk 00:10:48]} {[%emt 00:02:39]} Qxd2 {[%clk 00:12:30]} {[%emt
00:00:48]} 21. Nxd2 {[%clk 00:11:01]} {[%emt 00:00:18]} Rfd8 {[%clk 00:12:11]}
{[%emt 00:00:47]} 22. exd5 {[%clk 00:08:00]} {[%emt 00:03:33]} Rxd5 {[%clk
00:10:51]} {[%emt 00:01:49]} 23. Nf3 {[%clk 00:07:11]} {[%emt 00:01:20]} Rad8
{[%clk 00:10:24]} {[%emt 00:00:56]} 24. Rxd5 {[%clk 00:07:11]} {[%emt
00:00:31]} Rxd5 {[%clk 00:10:06]} {[%emt 00:00:47]} 25. c4 {[%clk 00:07:17]}
{[%emt 00:00:24]} Rd8 {[%clk 00:09:25]} {[%emt 00:01:10]} 26. Be3 {[%clk
00:07:02]} {[%emt 00:00:46]} Nb7 {[%clk 00:08:45]} {[%emt 00:01:10]} 27. b4
{[%clk 00:06:08]} {[%emt 00:01:24]} a6 {[%clk 00:09:03]} {[%emt 00:00:13]} 28.
a4 {[%clk 00:06:21]} {[%emt 00:00:17]} Rb8 {[%clk 00:07:11]} {[%emt 00:02:21]}
29. Rd1 {[%clk 00:06:00]} {[%emt 00:00:52]} Rd8 {[%clk 00:06:54]} {[%emt
00:00:44]} 30. Rxd8+ {[%clk 00:06:02]} {[%emt 00:00:31]} Nxd8 {[%clk 00:07:14]}
{[%emt 00:00:11]} 31. Kf1 {[%clk 00:06:22]} {[%emt 00:00:10]} Kf8 {[%clk
00:06:34]} {[%emt 00:01:09]} 32. Ke2 {[%clk 00:06:45]} {[%emt 00:00:08]} Ke8
{[%clk 00:06:38]} {[%emt 00:00:26]} 33. Kd3 {[%clk 00:07:05]} {[%emt 00:00:10]}
Kd7 {[%clk 00:06:58]} {[%emt 00:00:10]} 34. Nd4 {[%clk 00:06:39]} {[%emt
00:00:55]} Bxd4 {[%clk 00:06:26]} {[%emt 00:01:02]} 35. Kxd4 {[%clk 00:07:03]}
{[%emt 00:00:06]} Nb7 {[%clk 00:06:04]} {[%emt 00:00:52]} 36. g4 {[%clk
00:05:58]} {[%emt 00:01:36]} Kd6 {[%clk 00:05:37]} {[%emt 00:00:56]} 37. Bf4+
{[%clk 00:06:11]} {[%emt 00:00:16]} Kd7 {[%clk 00:06:00]} {[%emt 00:00:08]} 38.
h4 {[%clk 00:05:09]} {[%emt 00:01:32]} f6 {[%clk 00:05:12]} {[%emt 00:01:19]}
39. Be3 {[%clk 00:04:05]} {[%emt 00:01:33]} f5 {[%clk 00:05:12]} {[%emt
00:00:29]} 40. gxf5 {[%clk 00:04:06]} {[%emt 00:00:31]} exf5 {[%clk 00:05:21]}
{[%emt 00:00:20]} 41. Ke5 {[%clk 00:01:00]} {[%emt 00:03:34]} Ke7 {[%clk
00:04:06]} {[%emt 00:01:47]} 42. Bg5+ {[%clk 00:14:19]} {[%emt 00:02:12]} Kf7
{[%clk 00:18:20]} {[%emt 00:01:15]} 43. b5 {[%clk 00:13:52]} {[%emt 00:00:57]}
cxb5 {[%clk 00:17:34]} {[%emt 00:01:17]} 44. cxb5 {[%clk 00:13:27]} {[%emt
00:00:56]} axb5 {[%clk 00:17:52]} {[%emt 00:00:11]} 45. axb5 {[%clk 00:13:42]}
{[%emt 00:00:15]} Na5 {[%clk 00:17:11]} {[%emt 00:01:09]} 46. Kd6 {[%clk
00:10:43]} {[%emt 00:03:31]} Ke8 {[%clk 00:15:57]} {[%emt 00:01:43]} 47. Ke6
{[%clk 00:07:41]} {[%emt 00:03:31]} Kf8 {[%clk 00:12:55]} {[%emt 00:03:33]} 48.
Bh6+ {[%clk 00:07:09]} {[%emt 00:01:01]} Kg8 {[%clk 00:12:54]} {[%emt
00:00:32]} 49. Kf6 {[%clk 00:06:21]} {[%emt 00:01:17]} Nc4 {[%clk 00:12:50]}
{[%emt 00:00:34]} 50. Ke7 {[%clk 00:04:17]} {[%emt 00:02:35]} Na5 {[%clk
00:12:48]} {[%emt 00:00:33]} 51. b6 {[%clk 00:04:26]} {[%emt 00:00:21]} Nb7
{[%clk 00:12:32]} {[%emt 00:00:43]} 52. Kd7 {[%clk 00:03:36]} {[%emt 00:01:23]}
Kf7 {[%clk 00:12:49]} {[%emt 00:00:12]} 53. Kc7 {[%clk 00:03:38]} {[%emt
00:00:29]} Na5 {[%clk 00:10:41]} {[%emt 00:02:36]} 54. Bd2 {[%clk 00:02:24]}
{[%emt 00:01:45]} Nb3 {[%clk 00:09:29]} {[%emt 00:01:42]} 55. b7 {[%clk
00:01:54]} {[%emt 00:01:01]} Nc5 {[%clk 00:09:30]} {[%emt 00:00:28]} 0-1